000 01545nam a22003017a 4500
003 BJBSDDR
005 20260428163136.0
007 ta
008 260423s2025 nyu||||| |||| 00| 0 eng d
020 _a9780063422292
020 _a0063422298
040 _beng
_cDLC
041 _aeng
050 1 4 _aPS 648
_bB561 2025
245 0 4 _aThe best American mystery & suspense :
_b2025 /
_cEdited and with an introduction by Don Winslow.
246 1 _aBest American mystery and suspense.
260 _aNew York, NY :
_bMariner Books,
_c2025
300 _axvi, 362 pages ;
_c21 cm.
490 1 _aBest American series
520 _aWhile a single sentence can turn a novel, a single word can turn a short story,” writes guest editor Don Winslow. The pieces featured in this collection hinge on those small, exacting moments that shock, spook, delight, and change a story entirely. A disgraced ex-cop approaches a crossroads with his ex-wife and new neighbor, pistol in hand; an ill-advised acid trip reveals the dark side of a twisted friendship; a hardened hit man struggles with his latest target. Full of dramatic twists, subtle clues, and chilling reveals, The Best American Mystery and Suspense 2025 will keep you on the edge of your seat until the very last shoe drops.
650 4 _aNovela policíaca
_95433
650 4 _aNovelas de suspenso
_929420
650 4 _aCuentos estadounidenses
_911126
700 1 _aWinslow, Don,
_d1953-
_948089
_eeditor
830 0 _aBest American series
_96891
942 _2lcc
_cBK
946 _icmc
999 _c126898
_d126898